| 000 | 00976nam a2200217 a 4500 | ||
|---|---|---|---|
| 001 | 54597 | ||
| 005 | 20180714045520.0 | ||
| 008 | 140415s2004 ag 000 0 spa d | ||
| 020 | _a9870003869 | ||
| 041 | _aspa | ||
| 082 |
_a121 _bMAT |
||
| 100 | 1 | _aMATURANA ROMESIN, HUMBERTO | |
| 245 | 1 | 3 |
_aDE MAQUINAS Y SERES VIVOS : _bAUTOPOIESIS: LA ORGANIZACION DE LO VIVO |
| 250 | _a1a ed. | ||
| 260 |
_aARGENTINA : _bUNIVERSITARIA, _c2004 |
||
| 300 |
_a67 _c15 x 0.4 x 21.4 |
||
| 490 | _aOPUSCULA PHILOSOPHICA | ||
| 520 | _aLA NOCION DE AUTOPOIESIS U ORGANIZACION DE LO VIVIENTE, COMO CARACTERIZACION DE LOS SISTEMAS VIVOS, TIENE PLENA VIGENCIA EN NUESTROS DIAS. LA VISION PROPUESTA POR LOS PROFESORES MATURANA Y VARELA NO SOLO PERMITE ENTENDER LA FENOMENOLOGIA BIOLOGICA EN SU TOTALIDAD, SINO QUE TAMBIEN TIENE IMPORTANTES CONSECUENCIAS EN OTROS CAMPOS DEL ENTENDIMIENTO HUMANO | ||
| 650 | 1 | 4 | _aEPISTEMOLOGIA |
| 700 | 1 |
_aVARELA GARCIA, FRANCISCO J. _ecoaut. |
|
| 999 |
_c54597 _d54597 |
||